000 00301nam a2200121Ia 4500
008 220204s9999 xx 000 0 und d
082 _a54-16
_bBAM
245 0 _aReactions in the solid state
260 _aAmsterdam
_bElsevier
_c1980
700 _aBamford, C H
700 _aTipper, C F H
942 _cBK
999 _c35407
_d35407